歴代天皇賞(秋)優勝馬 - Statistics

General Stats
  • This quiz has been taken 82 times
    48 since last reset
  • The average score is 20 of 85
Answer Stats
Hint Answer % Correct
2022 イクイノックス
85%
2023 イクイノックス
85%
2024 ドウデュース
79%
2000 テイエムオペラオー
73%
2017 キタサンブラック
73%
2019 アーモンドアイ
73%
2020 アーモンドアイ
73%
1999 スペシャルウィーク
70%
2008 ウオッカ
67%
1988 タマモクロス
61%
1997 エアグルーヴ
61%
2004 ゼンノロブロイ
61%
1965 シンザン
58%
2002 シンボリクリスエス
58%
2003 シンボリクリスエス
58%
2010 ブエナビスタ
58%
1996 バブルガムフェロー
55%
2021 エフフォーリア
55%
2012 エイシンフラッシュ
52%
1984 ミスターシービー
48%
1998 オフサイドトラップ
48%
2001 アグネスデジタル
45%
1989 スーパークリーク
42%
2016 モーリス
42%
2009 カンパニー
39%
2011 トーセンジョーダン
39%
1993 ヤマニンゼファー
36%
1985 ギャロップダイナ
33%
1990 ヤエノムテキ
30%
2006 ダイワメジャー
30%
2007 メイショウサムソン
30%
2013 ジャスタウェイ
24%
2014 スピルバーグ
24%
2015 ラブリーデイ
24%
2018 レイデオロ
24%
1971 トウメイ
18%
1987 ニッポーテイオー
18%
2005 ヘヴンリーロマンス
18%
1981 ホウヨウボーイ
15%
1991 プレクラスニー
15%
1992 レッツゴーターキン
15%
1995 サクラチトセオー
15%
1957 ハクチカラ
12%
1986 サクラユタカオー
12%
1994 ネーハイシーザー
12%
1966 コレヒデ
9%
1970 メジロアサマ
9%
1973 タニノチカラ
9%
1963 リユウフオーレル
6%
1967 カブトシロー
6%
1978 テンメイ
6%
1980 プリテイキャスト
6%
1982 メジロティターン
6%
1938 ヒサトモ
3%
1955 ダイナナホウシユウ
3%
1959 ガーネツト
3%
1964 ヤマトキヨウダイ
3%
1969 メジロタイヨウ
3%
1972 ヤマニンウエーブ
3%
1976 アイフル
3%
1983 キョウエイプロミス
3%
1937 ハッピーマイト
0%
1939 テツモン
0%
1940 ロッキーモアー
0%
1941 エステイツ
0%
1942 ニパトア
0%
1943 クリヒカリ
0%
1947 トヨウメ
0%
1948 カツフジ
0%
1949 ニューフォード
0%
1950 ヤシマドオター
0%
1951 ハタカゼ
0%
1952 トラックオー
0%
1953 クインナルビー
0%
1954 オパールオーキツト
0%
1956 ミツドフアーム
0%
1958 セルローズ
0%
1960 オーテモン
0%
1961 タカマガハラ
0%
1962 クリヒデ
0%
1968 ニットエイト
0%
1974 カミノテシオ
0%
1975 フジノパーシア
0%
1977 ホクトボーイ
0%
1979 スリージャイアンツ
0%
No matching quizzes found
Score Distribution
Percent of People with Each Score
Percentile by Number Answered
Your Score History
You have not taken this quiz since the last reset